logo

Bir Sreshtho Munshi Abdur Rouf Library
Jhenaidah Cadet College

ইসলামী রাষ্ট্রনীতি / (Record no. 9547)

MARC details
000 -LEADER
fixed length control field 00687nam a22001937a 4500
003 - CONTROL NUMBER IDENTIFIER
JCCL marc code OSt
005 - DATE AND TIME OF LATEST TRANSACTION
control field 20180319122843.0
008 - FIXED-LENGTH DATA ELEMENTS--GENERAL INFORMATION
fixed length control field 180319b1967 bg ||||| |||| 00| 0 ben d
035 ## - SYSTEM CONTROL NUMBER
system control number (BD-JhCC)
040 ## - CATALOGING SOURCE
Original cataloging agency BD-JhCC
Modifying agency BD-JhCC
041 ## - LANGUAGE CODE
Language code of Book eng
100 ## - MAIN ENTRY--PERSONAL NAME
Personal name কাসেম, প্রিন্সিপাল আবুল কাশেম
245 ## - TITLE STATEMENT
Title ইসলামী রাষ্ট্রনীতি /
Statement of responsibility, etc প্রিন্সিপাল আবুল কাশেম কাসেম
260 ## - PUBLICATION, DISTRIBUTION, ETC. (IMPRINT)
Place of publication, distribution, etc ঢাকা :
Name of publisher, distributor, etc পাকিস্তান তমদদুন মজলিস
Date of publication, distribution, etc 1967.
300 ## - PHYSICAL DESCRIPTION
Pagination 123 p. :
Dimensions 21 cm.
650 ## - SUBJECT ADDED ENTRY--TOPICAL TERM
Topical term or geographic name as entry element Islamic Law
942 ## - ADDED ENTRY ELEMENTS (KOHA)
Source of classification or shelving scheme Dewey Decimal Classification
Koha item type Books

No items available.


JCC Library | Contacts | JCC Home

Last Update on 23 September 2017
Copyright @ 2017-2020 JCC Rouf Library
Rouf Library, Jhenidah Cadet College (JCC), Bangladesh